Normal view
MARC view
Entry Topical Term
001 - CONTROL NUMBER
- control field: 54923
003 - CONTROL NUMBER IDENTIFIER
- control field: OSt
005 - DATE AND TIME OF LATEST TRANSACTION
- control field: 20241007144630.0
008 - FIXED-LENGTH DATA ELEMENTS
- fixed length control field: 241007|| aca||aabn | a|a d
040 ## - CATALOGING SOURCE
- Original cataloging agency: OSt
- Transcribing agency: OSt
150 ## - HEADING--TOPICAL TERM
- Topical term or geographic name entry element: မြန်မာ့ကွက်စိပ်ပညာ
670 ## - SOURCE DATA FOUND
- Source citation: Work cat.: (OSt)26993: မင်းသျှင်အောင်၊ (တွံတေး)။ 27699, မဟာဗုဒ္ဓဝင်ကွက်စိပ်ဇာတ်ထုပ်များနှင့် ဒဂုဏ်ဆရာညွှန့် /, ၂၀၀၅။